[Event "ureki 2015"]
[Site "?"]
[Date "2015.10.05"]
[Round "1.1"]
[White "Morchiashvili, Bachana"]
[Black "Jobava, Baadur"]
[Result "1/2-1/2"]
[LiveChessVersion "1.3.1"]
[BlackElo "2683"]
[WhiteElo "2331"]

1. Nf3 {[%clk 1:30:48]} Nf6 {[%clk 1:30:37]} 2. c4 {[%clk 1:30:55]} g6
{[%clk 1:30:19]} 3. Nc3 {[%clk 1:30:56]} Bg7 {[%clk 1:30:43]} 4. d4
{[%clk 1:28:35]} O-O {[%clk 1:29:54]} 5. e4 {[%clk 1:28:53]} c6 {[%clk 1:30:14]}
6. Bd3 {[%clk 1:22:00]} d5 {[%clk 1:26:43]} 7. e5 {[%clk 1:22:09]} Ne8
{[%clk 1:26:54]} 8. O-O {[%clk 1:18:15]} Nc7 {[%clk 1:25:48]} 9. Be3 dxc4
{[%clk 1:25:34]} 10. Bxc4 {[%clk 1:18:31]} Nd7 {[%clk 1:25:59]} 11. Bb3
{[%clk 1:08:44]} Nb6 {[%clk 1:26:05]} 12. Ng5 {[%clk 1:05:46]} Nbd5
{[%clk 1:22:29]} 13. Qe2 {[%clk 1:03:37]} f6 {[%clk 1:14:27]} 14. Nge4
{[%clk 1:00:01]} Kh8 {[%clk 1:08:42]} 15. Rad1 {[%clk 0:57:56]} b6
{[%clk 1:03:40]} 16. Rfe1 {[%clk 0:50:46]} Ba6 {[%clk 1:01:08]} 17. Qc2
{[%clk 0:47:32]} Rc8 {[%clk 0:48:08]} 18. Bc1 {[%clk 0:43:03]} Qd7
{[%clk 0:34:35]} 19. Ng3 {[%clk 0:27:24]} f5 {[%clk 0:30:23]} 20. f3
{[%clk 0:22:20]} e6 {[%clk 0:29:27]} 21. a3 {[%clk 0:21:20]} Qe7 {[%clk 0:28:07]}
22. Qf2 {[%clk 0:18:50]} h6 {[%clk 0:27:26]} 23. Bd2 {[%clk 0:14:01]} Nxc3
{[%clk 0:24:47]} 24. Bxc3 {[%clk 0:11:27]} Rfd8 {[%clk 0:23:28]} 25. Bb4
{[%clk 0:11:15]} Qf7 {[%clk 0:23:13]} 26. Rc1 {[%clk 0:09:00]} Bb7
{[%clk 0:23:05]} 27. Ne2 {[%clk 0:08:23]} a5 {[%clk 0:22:35]} 28. Bd6
{[%clk 0:03:01]} Nb5 {[%clk 0:22:39]} 29. Nf4 {[%clk 0:03:18]} Rxd6
{[%clk 0:04:36]} 30. exd6 {[%clk 0:03:46]} Bxd4 {[%clk 0:05:02]} 31. Bxe6
{[%clk 0:01:11]} Bxf2+ {[%clk 0:04:56]} 32. Kxf2 {[%clk 0:01:40]} Qf6
{[%clk 0:04:24]} 33. Bxc8 {[%clk 0:02:05]} Qxb2+ {[%clk 0:02:58]} 34. Kg3
{[%clk 0:02:31]} Bxc8 {[%clk 0:00:37]} 35. Re8+ {[%clk 0:02:26]} Kg7
{[%clk 0:01:04]} 36. Rxc8 {[%clk 0:01:04]} Qxc1 {[%clk 0:00:37]} 37. d7
{[%clk 0:01:30]} Qe1+ {[%clk 0:00:56]} 38. Kh3 {[%clk 0:01:58]} g5
{[%clk 0:01:23]} 39. Rg8+ {[%clk 0:02:15]} Kf7 {[%clk 0:01:21]} 40. Rf8+
{[%clk 0:32:37]} Kxf8 {[%clk 0:31:21]} 41. d8=Q+ {[%clk 0:33:03]} Qe8
{[%clk 0:29:29]} 42. Ng6+ {[%clk 0:32:30]} Kf7 {[%clk 0:29:42]} 43. Nh8+
{[%clk 0:32:54]} Kf8 {[%clk 0:30:08]} 44. Ng6+ {[%clk 0:33:20]} 1/2-1/2

[Event "ureki 2015"]
[Site "?"]
[Date "2015.10.05"]
[Round "1.2"]
[White "Pantsulaia, Levan"]
[Black "Chkhaidze, Nikoloz"]
[Result "1-0"]
[LiveChessVersion "1.3.1"]
[BlackElo "2323"]
[WhiteElo "2572"]

1. Nf3 {[%clk 1:30:26]} d5 {[%clk 1:30:55]} 2. d3 {[%clk 1:30:05]} Nf6
{[%clk 1:30:54]} 3. Nbd2 {[%clk 1:30:03]} Nc6 {[%clk 1:29:10]} 4. e4
{[%clk 1:29:16]} e5 {[%clk 1:28:47]} 5. exd5 {[%clk 1:29:30]} Nxd5
{[%clk 1:28:26]} 6. g3 {[%clk 1:29:53]} g6 {[%clk 1:28:07]} 7. Bg2
{[%clk 1:29:40]} Bg7 {[%clk 1:28:27]} 8. O-O {[%clk 1:30:02]} O-O
{[%clk 1:28:45]} 9. Re1 {[%clk 1:30:27]} Re8 {[%clk 1:25:14]} 10. c3
{[%clk 1:27:43]} h6 {[%clk 1:21:37]} 11. a4 {[%clk 1:27:24]} Rb8 {[%clk 1:17:53]}
12. Qc2 {[%clk 1:24:24]} Kh7 {[%clk 1:09:05]} 13. Nc4 {[%clk 1:18:54]} Nb6
{[%clk 1:05:20]} 14. Ne3 {[%clk 1:17:17]} Be6 {[%clk 0:57:22]} 15. h4
{[%clk 1:17:39]} Qd7 {[%clk 0:43:14]} 16. h5 {[%clk 1:11:04]} Rbd8
{[%clk 0:43:11]} 17. hxg6+ {[%clk 1:10:52]} fxg6 {[%clk 0:43:28]} 18. Nh4
{[%clk 1:10:00]} Bf6 {[%clk 0:38:33]} 19. a5 {[%clk 1:09:50]} Nd5
{[%clk 0:32:17]} 20. Ra4 {[%clk 1:10:08]} Ndb4 {[%clk 0:22:12]} 21. Rxb4
{[%clk 1:09:50]} Nxb4 {[%clk 0:22:08]} 22. cxb4 {[%clk 1:10:14]} Bxh4
{[%clk 0:16:25]} 23. gxh4 {[%clk 1:09:19]} Qe7 {[%clk 0:15:24]} 24. Bd2
{[%clk 1:05:21]} c6 {[%clk 0:10:56]} 25. h5 {[%clk 0:59:42]} Bf5 {[%clk 0:09:55]}
26. Nxf5 {[%clk 0:58:33]} gxf5 {[%clk 0:10:23]} 27. Bc3 {[%clk 0:56:55]} Qg5
{[%clk 0:07:29]} 28. Bxe5 {[%clk 0:55:26]} Rg8 29. f3 {[%clk 0:41:00]} Rxd3
{[%clk 0:02:48]} 30. Bc3 {[%clk 0:41:15]} Rxf3 {[%clk 0:01:36]} 31. Qe2
{[%clk 0:41:25]} Re3 {[%clk 0:01:10]} 32. Qc2 {[%clk 0:40:48]} Rxe1+
{[%clk 0:00:42]} 33. Bxe1 {[%clk 0:41:13]} Qxh5 {[%clk 0:00:39]} 34. Kf1
{[%clk 0:38:01]} Qg4 {[%clk 0:00:36]} 35. a6 {[%clk 0:34:15]} Qf4+
{[%clk 0:00:45]} 36. Bf2 {[%clk 0:34:17]} bxa6 {[%clk 0:00:41]} 37. Qxc6
{[%clk 0:34:39]} Rg7 {[%clk 0:00:41]} 38. Qf3 {[%clk 0:32:42]} Qg5
{[%clk 0:00:35]} 39. Be3 {[%clk 0:32:06]} Qg6 {[%clk 0:00:40]} 40. Bd4
{[%clk 1:01:37]} Rf7 {[%clk 0:30:41]} 41. Qa8 {[%clk 1:01:51]} Qg8
{[%clk 0:20:42]} 42. Qxg8+ {[%clk 1:02:12]} Kxg8 {[%clk 0:21:11]} 43. Bd5
{[%clk 1:02:33]} Kf8 {[%clk 0:21:02]} 44. Bc5+ {[%clk 0:54:53]} Kg7
{[%clk 0:20:17]} 45. Bxf7 {[%clk 0:50:21]} Kxf7 {[%clk 0:20:45]} 46. Kf2
{[%clk 0:49:34]} Ke6 {[%clk 0:18:51]} 47. Kg3 {[%clk 0:49:18]} Kd5
{[%clk 0:16:12]} 48. Kf4 {[%clk 0:49:27]} Kc4 {[%clk 0:13:43]} 49. Be7
{[%clk 0:49:02]} Kb3 {[%clk 0:11:27]} 50. Kxf5 {[%clk 0:48:58]} Kxb2
{[%clk 0:04:41]} 51. Bd8 {[%clk 0:49:19]} Kc3 {[%clk 0:04:39]} 52. Ba5
{[%clk 0:49:42]} Kd4 {[%clk 0:04:27]} 53. Kg6 {[%clk 0:50:04]} Ke5
{[%clk 0:04:32]} 54. Kxh6 {[%clk 0:50:25]} Kf6 {[%clk 0:04:41]} 55. Bc7
{[%clk 0:49:17]} Ke6 {[%clk 0:04:40]} 56. Kg5 {[%clk 0:49:39]} Kd7
{[%clk 0:03:57]} 57. Ba5 {[%clk 0:50:00]} Ke6 {[%clk 0:03:57]} 58. Kg6
{[%clk 0:50:24]} Kd6 {[%clk 0:04:01]} 59. Kf6 {[%clk 0:50:46]} Kd7
{[%clk 0:04:09]} 60. Ke5 {[%clk 0:51:01]} Kc6 {[%clk 0:04:17]} 61. Ke6
{[%clk 0:51:10]} Kb7 {[%clk 0:04:40]} 62. Kd7 {[%clk 0:51:33]} Ka8
{[%clk 0:04:05]} 63. Kc6 {[%clk 0:51:54]} Kb8 {[%clk 0:04:27]} 64. Bd8
{[%clk 0:52:16]} Kc8 {[%clk 0:02:38]} 65. Bc7 {[%clk 0:52:37]} a5
{[%clk 0:03:05]} 66. Bxa5 {[%clk 0:53:00]} Kb8 {[%clk 0:03:26]} 67. Bc7+
{[%clk 0:53:21]} Kc8 {[%clk 0:02:39]} 68. b5 {[%clk 0:53:43]} 1-0

[Event "ureki 2015"]
[Site "?"]
[Date "2015.10.05"]
[Round "1.3"]
[White "Chkhikvishvili, Mindia"]
[Black "Azaladze, Shota"]
[Result "0-1"]
[LiveChessVersion "1.3.1"]
[BlackElo "2475"]
[WhiteElo "2057"]

1. e4 {[%clk 1:29:31]} g6 {[%clk 1:30:53]} 2. d4 {[%clk 1:29:57]} Bg7
{[%clk 1:31:19]} 3. Nf3 {[%clk 1:30:16]} d6 {[%clk 1:31:23]} 4. Nc3
{[%clk 1:30:29]} Nf6 {[%clk 1:31:43]} 5. Be2 {[%clk 1:30:18]} O-O
{[%clk 1:32:05]} 6. O-O {[%clk 1:30:40]} c6 {[%clk 1:32:29]} 7. h3
{[%clk 1:30:22]} Qc7 {[%clk 1:30:50]} 8. Be3 {[%clk 1:25:20]} Nbd7
{[%clk 1:31:04]} 9. Qd2 {[%clk 1:23:55]} b5 {[%clk 1:26:52]} 10. a3
{[%clk 1:22:47]} a6 {[%clk 1:26:09]} 11. Rad1 {[%clk 1:19:41]} Bb7
{[%clk 1:26:09]} 12. Bh6 {[%clk 1:17:32]} c5 {[%clk 1:23:33]} 13. Bxg7
{[%clk 1:16:33]} Kxg7 {[%clk 1:23:53]} 14. d5 {[%clk 1:09:56]} b4
{[%clk 1:20:36]} 15. axb4 {[%clk 1:09:36]} cxb4 {[%clk 1:20:58]} 16. Na2
{[%clk 1:05:13]} a5 {[%clk 1:17:49]} 17. Bd3 {[%clk 1:02:10]} Rfc8
{[%clk 1:08:51]} 18. Rfe1 {[%clk 1:01:06]} Nc5 {[%clk 1:06:19]} 19. Nd4
{[%clk 0:54:03]} Nxd3 {[%clk 0:59:07]} 20. cxd3 {[%clk 0:50:13]} Qb6
{[%clk 0:54:39]} 21. Qe3 {[%clk 0:48:26]} Kg8 {[%clk 0:54:55]} 22. Nc1
{[%clk 0:34:25]} a4 {[%clk 0:53:51]} 23. Nce2 {[%clk 0:34:05]} a3
{[%clk 0:52:12]} 24. b3 {[%clk 0:32:19]} Rc7 {[%clk 0:49:57]} 25. Qh6
{[%clk 0:25:44]} Ba6 {[%clk 0:45:51]} 26. Nc6 {[%clk 0:21:12]} Bb7
{[%clk 0:38:55]} 27. Ned4 {[%clk 0:16:53]} Ne8 {[%clk 0:29:09]} 28. Qg5
{[%clk 0:11:34]} e5 {[%clk 0:24:47]} 29. Nf5 {[%clk 0:05:26]} Bxc6
{[%clk 0:23:55]} 30. dxc6 {[%clk 0:05:29]} f6 {[%clk 0:23:45]} 31. Qg4
{[%clk 0:03:48]} Qxc6 {[%clk 0:22:06]} 32. Nh6+ {[%clk 0:03:54]} Kh8
{[%clk 0:17:16]} 33. Qe6 {[%clk 0:02:50]} Kg7 {[%clk 0:17:21]} 34. Ng4
{[%clk 0:02:32]} d5 {[%clk 0:15:08]} 35. Qxc6 {[%clk 0:02:30]} Rxc6
{[%clk 0:15:36]} 36. exd5 {[%clk 0:02:01]} Rc3 {[%clk 0:15:56]} 37. d4
{[%clk 0:02:15]} e4 {[%clk 0:15:41]} 38. Re3 {[%clk 0:02:17]} Rc7
{[%clk 0:12:37]} 39. f3 {[%clk 0:01:58]} exf3 {[%clk 0:12:33]} 40. Rxf3
{[%clk 0:32:19]} Rd7 {[%clk 0:40:07]} 41. Rff1 {[%clk 0:18:24]} h5
{[%clk 0:39:36]} 42. Ne3 {[%clk 0:18:21]} Nc7 {[%clk 0:39:52]} 43. d6
{[%clk 0:16:41]} Rxd6 {[%clk 0:39:52]} 44. Nc4 {[%clk 0:16:49]} Rdd8
{[%clk 0:40:01]} 45. Nb6 {[%clk 0:16:14]} Ra6 {[%clk 0:40:10]} 46. Nc4 Nb5
{[%clk 0:39:57]} 47. d5 {[%clk 0:12:36]} Nc3 {[%clk 0:40:12]} 48. Rd2
{[%clk 0:12:42]} Rxd5 {[%clk 0:40:24]} 49. Rxd5 {[%clk 0:13:05]} Nxd5
{[%clk 0:40:52]} 0-1

[Event "ureki 2015"]
[Site "?"]
[Date "2015.10.05"]
[Round "1.4"]
[White "Gvetadze, Sofio"]
[Black "Shamatava, Ana"]
[Result "1/2-1/2"]
[LiveChessVersion "1.3.1"]
[BlackElo "2054"]
[WhiteElo "2314"]

1. e4 {[%clk 1:30:57]} c5 {[%clk 1:30:42]} 2. Nf3 {[%clk 1:31:17]} e6
{[%clk 1:30:54]} 3. c3 {[%clk 1:31:32]} d5 {[%clk 1:31:19]} 4. exd5
{[%clk 1:31:34]} exd5 {[%clk 1:31:40]} 5. d4 {[%clk 1:31:54]} Nc6
{[%clk 1:31:54]} 6. Bd3 {[%clk 1:31:30]} Bd6 {[%clk 1:28:34]} 7. O-O
{[%clk 1:29:09]} Nge7 {[%clk 1:28:52]} 8. dxc5 {[%clk 1:28:20]} Bxc5
{[%clk 1:29:18]} 9. Nbd2 {[%clk 1:26:48]} O-O {[%clk 1:24:36]} 10. Nb3
{[%clk 1:26:21]} Bb6 {[%clk 1:16:23]} 11. Re1 {[%clk 1:13:38]} Qd6
{[%clk 1:04:55]} 12. Be3 {[%clk 1:05:43]} Bxe3 {[%clk 0:48:02]} 13. Rxe3
{[%clk 1:06:03]} Nf5 {[%clk 0:47:06]} 14. Re1 {[%clk 1:02:04]} Bd7
{[%clk 0:41:39]} 15. Qc2 {[%clk 0:57:48]} g6 {[%clk 0:40:57]} 16. Qd2
{[%clk 0:54:22]} Rad8 {[%clk 0:35:23]} 17. Rad1 {[%clk 0:42:36]} Qc7
{[%clk 0:25:33]} 18. h3 {[%clk 0:32:45]} Bc8 {[%clk 0:24:04]} 19. Bxf5
{[%clk 0:31:15]} Bxf5 {[%clk 0:24:18]} 20. Qh6 {[%clk 0:31:25]} f6
{[%clk 0:20:34]} 21. Nbd4 {[%clk 0:27:28]} Bc8 {[%clk 0:18:42]} 22. Ne6
{[%clk 0:21:42]} Bxe6 {[%clk 0:19:06]} 23. Rxe6 {[%clk 0:22:08]} Qf7
{[%clk 0:17:59]} 24. Re2 {[%clk 0:15:40]} Rfe8 {[%clk 0:16:37]} 25. Rxe8+
{[%clk 0:14:50]} Rxe8 {[%clk 0:16:23]} 26. Qd2 {[%clk 0:14:59]} Rd8
{[%clk 0:15:55]} 27. Qf4 {[%clk 0:14:48]} Kg7 {[%clk 0:13:23]} 28. Qg3
{[%clk 0:02:54]} Re8 {[%clk 0:10:33]} 29. Qd6 {[%clk 0:01:54]} Re2
{[%clk 0:09:22]} 30. Rd2 {[%clk 0:01:55]} Rxd2 {[%clk 0:07:27]} 31. Nxd2
{[%clk 0:02:23]} Ne5 {[%clk 0:07:36]} 32. Qc5 {[%clk 0:01:04]} b6
{[%clk 0:07:45]} 33. Qd4 {[%clk 0:01:00]} Nc4 {[%clk 0:05:55]} 34. b3
{[%clk 0:01:16]} Nxd2 {[%clk 0:06:06]} 35. Qxd2 {[%clk 0:01:45]} Qe6
{[%clk 0:06:16]} 36. a4 {[%clk 0:01:28]} Qe4 {[%clk 0:05:07]} 37. Kh2
{[%clk 0:01:47]} Qe5+ {[%clk 0:04:46]} 38. g3 {[%clk 0:01:57]} Kf7
{[%clk 0:02:38]} 39. Qd3 {[%clk 0:01:57]} Ke6 {[%clk 0:02:19]} 40. b4
{[%clk 0:31:44]} Qe1 {[%clk 0:31:18]} 41. Qd4 {[%clk 0:30:56]} Qe4
{[%clk 0:27:49]} 42. Qd2 {[%clk 0:30:53]} Ke5 {[%clk 0:23:20]} 43. a5
{[%clk 0:21:18]} d4 {[%clk 0:13:25]} 44. cxd4+ {[%clk 0:07:14]} Qxd4
{[%clk 0:13:47]} 45. Qe2+ {[%clk 0:05:28]} Kd6 {[%clk 0:10:49]} 46. axb6
{[%clk 0:04:38]} axb6 {[%clk 0:11:08]} 47. Qf3 {[%clk 0:04:13]} f5
{[%clk 0:09:05]} 48. b5 {[%clk 0:04:21]} Kc5 {[%clk 0:09:24]} 49. Qc6+
{[%clk 0:04:40]} Kb4 {[%clk 0:09:48]} 50. Kg1 {[%clk 0:04:56]} Qc5
{[%clk 0:09:38]} 51. Qd7 {[%clk 0:05:19]} Qxb5 {[%clk 0:09:43]} 52. Qxh7
{[%clk 0:05:44]} Qc6 {[%clk 0:09:54]} 53. h4 {[%clk 0:05:56]} Qd6
{[%clk 0:08:34]} 54. Qh6 {[%clk 0:05:21]} b5 {[%clk 0:08:19]} 55. Kh2
{[%clk 0:05:22]} Qd4 {[%clk 0:03:53]} 56. Qxg6 {[%clk 0:05:08]} Qxf2+
{[%clk 0:04:04]} 57. Kh3 {[%clk 0:04:53]} Qf1+ {[%clk 0:03:46]} 1/2-1/2

[Event "ureki 2015"]
[Site "?"]
[Date "2015.10.05"]
[Round "1.5"]
[White "Ebralidze, Alexandre"]
[Black "Beradze, Irakli"]
[Result "0-1"]
[LiveChessVersion "1.3.1"]
[BlackElo "2416"]
[WhiteElo "2163"]

1. d4 {[%clk 1:30:42]} Nf6 {[%clk 1:29:59]} 2. c4 {[%clk 1:31:04]} e6
{[%clk 1:30:21]} 3. Nf3 {[%clk 1:31:13]} Bb4+ {[%clk 1:30:40]} 4. Bd2
{[%clk 1:31:00]} c5 {[%clk 1:31:05]} 5. Bxb4 {[%clk 1:30:37]} cxb4
{[%clk 1:31:30]} 6. e3 {[%clk 1:29:31]} O-O {[%clk 1:29:58]} 7. Bd3
{[%clk 1:29:35]} d6 {[%clk 1:29:46]} 8. O-O {[%clk 1:29:17]} b6 {[%clk 1:28:41]}
9. Qc2 {[%clk 1:26:15]} Bb7 {[%clk 1:27:47]} 10. Ng5 {[%clk 1:25:53]} h6
{[%clk 1:27:28]} 11. Ne4 {[%clk 1:25:55]} Nxe4 {[%clk 1:24:58]} 12. Bxe4
{[%clk 1:25:57]} Qc7 {[%clk 1:25:09]} 13. Nd2 {[%clk 1:23:36]} Nd7
{[%clk 1:25:08]} 14. Rac1 {[%clk 1:22:11]} Rfc8 {[%clk 1:17:22]} 15. Bxb7
{[%clk 1:13:11]} Qxb7 {[%clk 1:17:47]} 16. Qe4 {[%clk 1:10:31]} Qc7
{[%clk 1:14:33]} 17. f4 Qd8 18. f5 {[%clk 0:59:26]} e5 {[%clk 0:44:54]} 19. dxe5
{[%clk 0:55:24]} dxe5 {[%clk 0:43:40]} 20. Rcd1 {[%clk 0:52:48]} Qc7
{[%clk 0:25:54]} 21. b3 {[%clk 0:42:51]} Nf6 {[%clk 0:24:09]} 22. Qf3
{[%clk 0:40:11]} Qc6 {[%clk 0:24:18]} 23. Qxc6 {[%clk 0:36:07]} Rxc6
{[%clk 0:24:40]} 24. Nf3 {[%clk 0:35:05]} Rc5 {[%clk 0:23:15]} 25. Ne1
{[%clk 0:27:03]} e4 {[%clk 0:23:36]} 26. Rd4 {[%clk 0:21:31]} a5 {[%clk 0:22:37]}
27. h3 {[%clk 0:14:10]} Rac8 {[%clk 0:17:06]} 28. g4 {[%clk 0:10:14]} b5
{[%clk 0:17:20]} 29. cxb5 {[%clk 0:10:27]} Rxb5 {[%clk 0:17:46]} 30. Ng2
{[%clk 0:06:22]} Rc2 {[%clk 0:12:22]} 31. Rd8+ {[%clk 0:06:01]} Kh7
{[%clk 0:12:48]} 32. Rfd1 {[%clk 0:04:03]} Rxa2 {[%clk 0:11:00]} 33. Rf8
{[%clk 0:02:49]} Rd5 {[%clk 0:08:17]} 34. Rxd5 {[%clk 0:00:32]} Nxd5
{[%clk 0:08:44]} 35. Rxf7 {[%clk 0:00:44]} a4 {[%clk 0:09:08]} 36. bxa4
{[%clk 0:00:40]} b3 {[%clk 0:09:35]} 37. Rb7 {[%clk 0:00:34]} b2 {[%clk 0:10:02]}
38. f6 {[%clk 0:00:31]} Ra1+ {[%clk 0:08:24]} 39. Kh2 {[%clk 0:00:35]} b1=Q
{[%clk 0:08:49]} 0-1

[Event "ureki 2015"]
[Site "?"]
[Date "2015.10.05"]
[Round "1.7"]
[White "Fier, Alexandr"]
[Black "Bakhtadze, Levan"]
[Result "1-0"]
[LiveChessVersion "1.3.1"]
[BlackElo "2072"]
[WhiteElo "2624"]

1. d4 {[%clk 1:30:57]} d5 {[%clk 1:26:25]} 2. c4 {[%clk 1:31:19]} dxc4
{[%clk 1:26:46]} 3. e4 {[%clk 1:31:38]} Nf6 {[%clk 1:26:51]} 4. e5
{[%clk 1:31:58]} Nd5 {[%clk 1:26:50]} 5. Bxc4 {[%clk 1:32:20]} Nb6
{[%clk 1:26:12]} 6. Bd3 {[%clk 1:32:43]} Nc6 {[%clk 1:26:29]} 7. Ne2
{[%clk 1:33:03]} Bg4 {[%clk 1:26:10]} 8. f3 {[%clk 1:33:28]} Bh5 {[%clk 1:25:31]}
9. Nbc3 {[%clk 1:33:14]} e6 {[%clk 1:23:28]} 10. Be3 {[%clk 1:29:01]} Bg6
{[%clk 1:20:15]} 11. Be4 {[%clk 1:27:22]} Be7 {[%clk 1:11:51]} 12. O-O
{[%clk 1:26:49]} O-O {[%clk 1:08:41]} 13. b3 {[%clk 1:25:29]} Nd5
{[%clk 0:58:22]} 14. Nxd5 {[%clk 1:21:34]} exd5 {[%clk 0:57:33]} 15. Bxg6
{[%clk 1:21:48]} fxg6 {[%clk 0:55:54]} 16. f4 {[%clk 1:16:46]} Ba3
{[%clk 0:46:21]} 17. g4 {[%clk 1:14:05]} Qd7 {[%clk 0:39:20]} 18. Ng3
{[%clk 1:13:03]} Ne7 {[%clk 0:39:48]} 19. Rf2 {[%clk 1:09:02]} b6
{[%clk 0:36:21]} 20. Bc1 {[%clk 0:59:56]} Bxc1 {[%clk 0:36:22]} 21. Rxc1
{[%clk 1:00:22]} a5 {[%clk 0:34:09]} 22. Qe2 {[%clk 1:00:14]} Rac8
{[%clk 0:32:35]} 23. f5 {[%clk 0:58:40]} gxf5 {[%clk 0:30:32]} 24. gxf5
{[%clk 0:59:05]} c5 {[%clk 0:29:54]} 25. dxc5 {[%clk 0:58:50]} Rxc5
{[%clk 0:24:39]} 26. Rcf1 {[%clk 0:57:52]} Nc6 {[%clk 0:14:48]} 27. e6
{[%clk 0:57:05]} Qc7 {[%clk 0:08:06]} 28. f6 {[%clk 0:57:17]} gxf6
{[%clk 0:07:43]} 29. Nh5 {[%clk 0:56:46]} Kh8 {[%clk 0:06:25]} 30. Rxf6
{[%clk 0:56:23]} Rg8+ {[%clk 0:05:43]} 31. Kh1 {[%clk 0:56:49]} Nd4
{[%clk 0:04:02]} 32. e7 {[%clk 0:56:07]} 1-0

[Event "ureki 2015"]
[Site "?"]
[Date "2015.10.05"]
[Round "1.8"]
[White "Kobakhidze, Irakli"]
[Black "Jojua, Davit"]
[Result "0-1"]
[LiveChessVersion "1.3.1"]
[BlackElo "2580"]
[WhiteElo "1511"]

1. e4 {[%clk 1:30:22]} c5 {[%clk 1:30:32]} 2. Nf3 {[%clk 1:30:32]} e6
{[%clk 1:30:27]} 3. d4 {[%clk 1:30:49]} cxd4 {[%clk 1:30:53]} 4. Nxd4
{[%clk 1:31:09]} a6 {[%clk 1:31:12]} 5. a4 {[%clk 1:30:14]} Nc6 {[%clk 1:29:41]}
6. Nc3 {[%clk 1:30:02]} Qc7 {[%clk 1:29:03]} 7. Be2 {[%clk 1:30:19]} Nf6
{[%clk 1:28:37]} 8. O-O {[%clk 1:30:11]} Bb4 {[%clk 1:23:00]} 9. Bf3
{[%clk 1:30:16]} Ne5 {[%clk 1:20:36]} 10. Bf4 {[%clk 1:29:52]} O-O
{[%clk 1:15:24]} 11. Kh1 {[%clk 1:30:17]} d6 {[%clk 1:14:24]} 12. Nce2
{[%clk 1:28:35]} Nxf3 {[%clk 1:09:43]} 13. Nxf3 {[%clk 1:28:40]} e5
{[%clk 1:08:45]} 14. c3 {[%clk 1:27:07]} Bc5 {[%clk 1:08:40]} 15. b4
{[%clk 1:24:47]} Ba7 {[%clk 1:05:40]} 16. Bd2 {[%clk 1:24:55]} Nxe4
{[%clk 1:05:47]} 17. Be1 {[%clk 1:25:12]} Be6 {[%clk 1:02:16]} 18. Qd3
{[%clk 1:24:08]} Qc4 {[%clk 0:59:24]} 19. Qc2 {[%clk 1:23:17]} f5
{[%clk 0:56:16]} 20. Rd1 {[%clk 1:22:10]} Rac8 {[%clk 0:55:27]} 21. Qb2
{[%clk 1:21:07]} f4 {[%clk 0:50:38]} 22. Nfg1 {[%clk 1:21:03]} Rfd8
{[%clk 0:49:22]} 23. f3 {[%clk 1:21:20]} Nf6 {[%clk 0:49:35]} 24. Bh4
{[%clk 1:20:55]} Rd7 {[%clk 0:49:28]} 25. Rfe1 {[%clk 1:20:06]} Nd5
{[%clk 0:48:39]} 26. Rxd5 {[%clk 1:18:37]} Qxd5 {[%clk 0:46:47]} 27. Qa1
{[%clk 1:16:22]} Be3 {[%clk 0:46:38]} 28. Rd1 {[%clk 1:16:21]} Qc4
{[%clk 0:46:52]} 29. Be1 d5 {[%clk 0:45:32]} 30. Nc1 {[%clk 1:13:53]} d4
{[%clk 0:44:54]} 0-1

[Event "ureki 2015"]
[Site "?"]
[Date "2015.10.05"]
[Round "1.9"]
[White "Maghalashvili, Davit"]
[Black "Petriashvili, Nikoloz"]
[Result "1-0"]
[LiveChessVersion "1.3.1"]
[BlackElo "2240"]
[WhiteElo "2504"]

1. Nf3 {[%clk 1:30:55]} Nf6 {[%clk 1:27:10]} 2. g3 {[%clk 1:31:07]} b6
{[%clk 1:25:48]} 3. Bg2 {[%clk 1:31:27]} Bb7 {[%clk 1:26:09]} 4. O-O
{[%clk 1:31:30]} c5 {[%clk 1:26:13]} 5. c4 {[%clk 1:31:41]} g6 {[%clk 1:23:05]}
6. Nc3 {[%clk 1:31:44]} Bg7 {[%clk 1:23:16]} 7. d4 {[%clk 1:31:35]} cxd4
{[%clk 1:21:03]} 8. Qxd4 {[%clk 1:32:00]} Nc6 {[%clk 1:21:04]} 9. Qf4
{[%clk 1:24:14]} O-O {[%clk 1:18:28]} 10. Qh4 {[%clk 1:22:49]} Qc8
{[%clk 1:03:57]} 11. Be3 {[%clk 1:15:58]} h5 {[%clk 0:54:44]} 12. Rac1
{[%clk 1:15:09]} d6 {[%clk 0:51:58]} 13. Bh3 {[%clk 1:11:19]} Qd8
{[%clk 0:46:12]} 14. Rfd1 {[%clk 1:10:11]} Bc8 {[%clk 0:43:17]} 15. Bg2
{[%clk 1:09:35]} Bd7 {[%clk 0:37:21]} 16. b3 {[%clk 0:59:48]} a6 {[%clk 0:33:10]}
17. h3 {[%clk 0:56:06]} b5 {[%clk 0:30:28]} 18. c5 {[%clk 0:56:05]} dxc5
{[%clk 0:18:59]} 19. Bxc5 {[%clk 0:54:55]} Qe8 {[%clk 0:15:51]} 20. e4
{[%clk 0:53:26]} Rc8 {[%clk 0:14:30]} 21. Nd5 {[%clk 0:50:27]} Be6
{[%clk 0:05:45]} 22. Ng5 {[%clk 0:43:37]} Bxd5 {[%clk 0:05:37]} 23. exd5
{[%clk 0:43:56]} Ne5 {[%clk 0:04:57]} 24. d6 {[%clk 0:44:09]} Rxc5
{[%clk 0:02:32]} 25. Rxc5 {[%clk 0:44:29]} exd6 {[%clk 0:02:59]} 26. Rc7
{[%clk 0:44:10]} Qd8 {[%clk 0:02:58]} 27. Rc2 {[%clk 0:43:02]} Qb6
{[%clk 0:01:52]} 28. Qd4 {[%clk 0:40:52]} Qxd4 {[%clk 0:01:16]} 29. Rxd4
{[%clk 0:41:12]} Ne8 {[%clk 0:00:40]} 30. Rd1 {[%clk 0:41:26]} Bf6
{[%clk 0:00:40]} 31. Ne4 {[%clk 0:41:33]} Be7 {[%clk 0:01:01]} 32. f4
{[%clk 0:41:45]} Nd7 {[%clk 0:00:59]} 33. Rc6 {[%clk 0:41:49]} f5
{[%clk 0:01:11]} 34. Nc3 {[%clk 0:41:35]} h4 {[%clk 0:00:52]} 35. gxh4
{[%clk 0:40:55]} Bxh4 {[%clk 0:00:59]} 36. Rxa6 {[%clk 0:41:15]} Nc5
{[%clk 0:00:37]} 37. Ra8 {[%clk 0:41:11]} Bg3 {[%clk 0:00:35]} 38. Bc6
{[%clk 0:40:35]} Nc7 {[%clk 0:00:47]} 39. Rxf8+ {[%clk 0:40:55]} Kxf8
{[%clk 0:01:04]} 40. Ne2 {[%clk 1:10:17]} Bh4 {[%clk 0:30:55]} 41. Rxd6
{[%clk 1:10:39]} Kf7 {[%clk 0:30:35]} 42. b4 {[%clk 1:10:16]} N5e6
{[%clk 0:30:56]} 43. Nd4 {[%clk 1:07:44]} Be7 {[%clk 0:30:29]} 44. Rxe6
{[%clk 1:07:36]} 1-0